000 00637nam a22002057a 4500
999 _c175168
_d175168
005 20200811155501.0
010 _aENG-128343
020 _c665.00
_a9789353945220
035 _aEN-111875
037 _bDBAD/PUB
082 _a339
100 _aBlanchard,Olivier
245 _aMacroeconomics/
_cby Olivier Blanchard
250 _a7th ed.
260 _aNew Delhi
_bPearson
_c2021
270 _a15th floor,Tower-B,Word Trade Tower,Plot no.1,Block-C sec 16,
_bNoida
_e201301
_k04466540100
_mcompanysecretary.india@pearson.com
300 _a530p..
_c24cm(pbk)
500 _aincludes index
942 _2ddc
_cEN
_h339
_mBLA